Statistiken für Gemeinden Landkreis Rottal-Inn

Klicken Sie hier um das Quiz zu spielen!

Allgemein

  • Dieses Quiz wurde 27 mal gespielt
  • Das Durchschnittsergebnis liegt bei 12 aus 31

Antwortstatistiken

EinwohnerGemeindeartGemeindename% Korrekt
12.953Stadtgemeinde, KreisstadtPfarrkirchen
100%
13.840StadtgemeindeEggenfelden
90%
9.954StadtgemeindeSimbach am Inn
86%
5.396GemeindeKirchdorf am Inn
52%
5.846MarktgemeindeBad Birnbach
48%
1.784GemeindeEring
48%
5.211MarktgemeindeTriftern
48%
3.653GemeindeHebertsfelden
43%
2.392GemeindeJulbach
43%
7.148MarktgemeindeArnstorf
38%
6.510MarktgemeindeGangkofen
38%
4.054MarktgemeindeMassing
38%
3.960MarktgemeindeTann
38%
2.173GemeindeZeilarn
38%
1.689GemeindeBayerbach
33%
3.797GemeindeFalkenberg
33%
2.365GemeindePostmünster
33%
908GemeindeRimbach
33%
1.414GemeindeStubenberg
33%
2.089GemeindeUnterdietfurt
33%
3.156GemeindeDietersburg
29%
2.517GemeindeJohanniskirchen
29%
1.681GemeindeReut
29%
1.948GemeindeSchönau
29%
1.993GemeindeWittibreut
29%
3.520MarktgemeindeWurmannsquick
29%
2.364GemeindeEgglham
24%
850GemeindeGeratskirchen
24%
2.155GemeindeMitterskirchen
24%
2.948GemeindeRoßbach
24%
1.234GemeindeMalgersdorf
19%

Verteilung der Resultate

Perzentil nach korrekt beantworteten Fragen

Anzahl Personen mit jedem Resultat

Ihre Resultats-Entwicklung

Sie haben dieses Quiz noch nicht gespielt